[Event "Sharjah FIDE GP"]
[Site "Sharjah"]
[Date "2017.02.21"]
[Round "4"]
[White "Mamedyarov, Shakhriyar"]
[Black "Adams, Michael"]
[Result "1-0"]
[WhiteElo "2766"]
[BlackElo "2751"]
[Annotator "Hillarp Persson,Tiger"]
[PlyCount "85"]
[EventDate "2017.02.18"]
[EventType "swiss"]
[EventRounds "9"]
[EventCountry "UAE"]
[SourceTitle "CBM 177"]
[Source "ChessBase"]
[SourceDate "2017.03.16"]
[SourceVersion "1"]
[SourceVersionDate "2017.03.16"]
[SourceQuality "1"]

1. d4 Nf6 2. c4 {With two wins to chose between today, I had the conundrum of seeming to either favour the a3-Queen's Indian, or Mamedyarov of whom I am a great fan. In the end I decided that the latter makes more sense, especially if he continues to play like this.} e6 3. Nc3 d5 4. cxd5 (4. Nf3 Be7 5. Bf4 {is the other variation that gives White some chances for an advantage.}) (4. Bg5 Be7 5. Nf3 h6 $1 6. Bh4 (6. Bxf6 Bxf6 {leads to well researched positions where Black should be able to equalise.}) 6... O-O 7. e3 Ne4 8. Bxe7 Qxe7 9. Rc1 c6 {has a terribly solid reputation.}) 4... exd5 5. Bg5 c6 ({After} 5... Be7 6. e3 {, there is no good way around playing c6:} Bf5 $6 7. Bxf6 Bxf6 8. Qb3) (5... Bb4 {looks silly when White hasn't developed this knight on g1 to f3 (since Black's grip on e4 is not as strong), but it is still not easy to prove a clear advantage for White:} 6. e3 (6. Qb3 $5) 6... h6 7. Bh4 g5 8. Bg3 Ne4 9. Nge2 (9. Qa4+ Nc6) 9... h5 10. h4 (10. Qb3 $1 Nc6 11. h4 {looks promising, since} Nxg3 12. Nxg3 gxh4 13. Nge2 {, leaves Black discoordinated with a bad pawn structure.}) 10... Nxg3 11. Nxg3 gxh4 12. Nxh5 c6 $1 13. Qf3 $6 {Moranda,W (2591)-Rosenthal,D (2401) Germany 2013, led to a draw.} ({However, instead} 13. a3 Bd6 14. g4 $3 hxg3 15. Qf3 Be6 16. e4 Nd7 17. exd5 cxd5 {looks like a better idea. After} 18. Nf6+ Qxf6 19. Qxf6 Rxh1 20. Qf3 gxf2+ 21. Qxf2 a6 {The position is rather unclear.})) 6. e3 h6 {This move, which is rather uncommon, comes with a clear plan: to force the bishop to h4 and then exchange it with e7/h5. After the exchange Black hopes to have won a tempo if White plays c2/d3, since there is no need to defend the h-pawn.} (6... Bf5 7. Qf3 Bg6 8. Bxf6 Qxf6 9. Qxf6 gxf6 {is another tabiya. White continues to score well from this position, but it's still unclear whether Black is actually worse.}) ({Playing "normally" with} 6... Be7 7. Bd3 Nbd7 8. Nge2 {and now something other than exchanging the bishops, like} Nf8 {has been tried by Mamedyarov from the Black side. However, these lines have a worse reputation that the early exchange of the dark-squared bishops. After something like} 9. O-O Ne6 10. Bh4 O-O {the game revolves around moves like e3-e4, b2-b4 and c6-c5 and White seems to have greater freedom to lead the game in one direction or another.}) 7. Bh4 Be7 8. Bd3 ({Unless we consider e4 to be a threat, there seem to be little reason to favour} 8. Qc2 {, over d3. A recent game went} Nbd7 9. Bd3 Nh5 10. Bxe7 Qxe7 11. O-O-O Nb6 12. h3 Be6 13. Nf3 Nf6 14. Kb1 O-O-O 15. Nd2 Kb8 16. Nb3 Rhe8 17. f3 Nfd7 18. Rhe1 Rc8 19. Rc1 {Tomashevsky,E (2725)-Adams,M (2740) 78th Tata Steel GpA 2016, and Black was on a steady route to equality.}) 8... Nbd7 9. Nge2 {The knight is better off here, since White can continue with f3 and e4.} ({After} 9. Nf3 {Black will probably swap to a more traditional Carlsbad-plan with} O-O 10. Qc2 Re8 {One could easily write a couple of books on this subject.}) 9... Nh5 ({The only reason I can see for playing c2 before d3ge2, is that Black has the option of playing} 9... Ne4 $5 {So, the question is how the position after} 10. Bxe7 Nxc3 (10... Qxe7 $6 11. Bxe4 dxe4 12. Ng3 Nf6 13. Qc2 $16) 11. Bxd8 Nxd1 12. Rxd1 Kxd8 13. f3 {is to be evaluated. White has a clear plan in e3-e4 (and possibly g4/h4), whereas Black is somewhat passive. White ought to have a small advantage.}) (9... O-O $6 10. f3 Nh5 11. Bf2 {gives White the extra option of 0-0-0 followed by a pawn storm on the kingside.}) 10. Bxe7 Qxe7 11. Qd2 $1 {This setup, which aims to play f3 quickly, has been on my radar for quite some time and I even had the chance to play it before anyone else did. (See move 12)} Nb6 ({After} 11... O-O {my intention was to play} 12. f3 (12. O-O-O $6 b5 13. Kb1 Nhf6 {and Black is faster to create threats since it is hard to get g4 and h4 in:} 14. f3 Re8 $1 15. e4 b4 $15) (12. O-O Re8 13. Rae1 Nf8 {and I failed to see a great continuation for White.} 14. Nc1 Ne6 15. f3 b6 16. N1e2 {seems to slow.}) 12... Re8 13. Kf2 $5 {, but I don't know what Mamedyarov was planning.}) 12. f3 {Had White had the queen on c2, then this move would not have been possible.} (12. O-O O-O 13. f3 Be6 14. b3 Rac8 15. Rac1 c5 16. dxc5 Rxc5 17. Nd4 {Hillarp Persson,T (2520)-Merriman,J (2250) London Classic Open 2015, left me with a typical advantage.}) 12... Bd7 13. O-O $1 {This move gives Black little choice but to evacuate the king to g8.} (13. O-O-O O-O-O 14. Rhe1 {can also be considered, but the e3-e4 idea seem stronger with Black's king on the kingside.}) 13... O-O ({Not} 13... O-O-O $6 14. a4 $1 {and Black's king is in trouble.}) 14. g4 $146 {This move would make less sense if there was not a pawn on h6. Here it is quite principled and challenging. I am a bit puzzled and disappointed that I did not find it in my own preparation.} ({My preparation, from a few years back, goes} 14. Rae1 f5 15. Nf4 $1 ({The "!" is from my old file, but perhaps} 15. b3 {is stronger.}) 15... Nxf4 16. exf4 Qf6 17. Re5 {"with an initiative for White".}) ({RR} 14. Rae1 Qg5 15. Nc1 Rae8 16. g4 Nc4 17. Bxc4 dxc4 18. h4 Qg6 19. Qg2 Nf6 20. e4 Nh7 21. N1e2 Bc8 22. Qg3 Rd8 23. Rf2 Rfe8 24. Rg2 f6 25. Nd1 Qf7 26. Ne3 b5 27. Kh1 Kh8 28. Reg1 b4 {Martinovic,S (2558)-Di Benedetto,D (2236) Skopje 2019 1-0 (38)}) ({RR} 14. e4 dxe4 15. fxe4 c5 16. d5 Nf6 17. h3 Rfe8 18. Rae1 Nc8 19. Nf4 Qe5 20. Bb1 c4 21. Nfe2 b5 22. Nd4 b4 23. Nd1 Nd6 24. Nf3 Ndxe4 25. Bxe4 Nxe4 26. Qxb4 Qg3 27. Re3 Rab8 28. Qe1 Qxe1 {Gales,R (1901)-Waldhausen Gordon,F (2159) Antalya TUR 2022 ½-½ (81)}) 14... Nf6 15. Ng3 ({It is also promising to play} 15. Nf4 {, with similar ideas to those in the game. One possibility is} Ne8 16. Rae1 Nd6 17. e4 Qg5 18. Re2 dxe4 19. fxe4 $1 {and with g2/f2/h4 coming, Black is already in trouble.}) 15... Ne8 16. Rae1 Nd6 17. e4 $1 {A surprising and strong idea. White is even prepared to give up the g4-pawn in order to get a mobile centre and some files. I'm happy I was not the one who had to face this, unprepared, over the board.} dxe4 18. fxe4 Ndc4 $1 ({Adams' move is possibly the strongest. After} 18... Bxg4 19. e5 $1 Ndc4 20. Qg2 {White has a big attack with moves like e4 and f5.}) ({The engine is a fan of} 18... Rad8 19. e5 Nb5 {and indeed, that is a clear case of not passing the Turing Test. I would not take every chance to steer clear of something like} 20. Qg2 Qg5 (20... Qb4 21. Nxb5 cxb5 22. Qe4 g6 23. Rf6 $40) 21. Nxb5 cxb5 22. Nf5 Bxf5 23. Rxf5 Qe7 24. Re4 {The engine assures us that Black is only somewhat worse, but my gut is not convinced.}) 19. Qc1 $1 Bxg4 20. b3 Rad8 $5 {Adams decides to change the course of the game and it is a respectable decision.} ({The alternatives look shaky:} 20... Na5 $6 21. Rf4 Qd7 22. Kh1 {and with g1 coming down the aisle, Black should do his best to cancel this wedding.}) ({And after} 20... Na3 21. e5 {White has a huge initiative.}) 21. Nf5 ({White has plenty of ways to keep some advantage, but the ruined pawn structure will cut down White's winning chances. Perhaps the best way to continue is} 21. bxc4 Rxd4 22. Be2 Bh3 23. Rf2 {, followed by f1 and f5. In this way Black doesn't get to exchange a pair of rooks under favourable circumstances.}) 21... Bxf5 22. exf5 Qf6 23. Bxc4 Nxc4 24. bxc4 Qxd4+ 25. Kh1 Rfe8 26. f6 $1 Rxe1 27. Qxe1 Qxc4 28. fxg7 (28. Rg1 $6 g5 {and White is unable to activate the knight without inviting simplifications (which will favour Black).}) 28... Rd6 {White has a clear advantage, but where the technical obstacles are quite big. White's king is vulnerable to checks and Black has a pawn majority on the queenside that can be set in motion. White can probably not avoid the exchange of rooks, but it is important to do it at a good moment.} 29. Rg1 $6 (29. Qe8+ Kxg7 30. Qe5+ (30. Rf3 Rf6 31. Qe5 Qe6 32. Rg3+ Kh7 33. Qb8 Rg6 34. Rxg6 Kxg6 35. Qxa7 {is a more forcing way to get something similar to what happens in the game.}) 30... Kh7 31. Qf5+ Rg6 32. Qxf7+ Qxf7 33. Rxf7+ Rg7 34. Rxg7+ Kxg7 35. Kg2 Kf6 36. Kf3 Ke5 37. Ke3 {and I'm not sure whether White's advantage is enough for a win. It should be.}) 29... Rg6 30. Qe5 (30. Rxg6 fxg6 31. Kg2 Kxg7 32. Qe7+ Qf7 33. Qe3 $14) 30... Qe6 ({Here Adams had a chance to draw the game with} 30... Qd3 $1 {, with the idea that} 31. Rxg6 Qf1+ 32. Rg1 Qf3+ {is a direct draw. Chess is a very difficult game, especially when you are short on time and even more so when you believe you are worse.}) 31. Qb8+ $1 Kxg7 32. Qxa7 $1 {This little pawn makes all the difference in the endgame to come. Now Black's queenside pawn are much more prone to become weak.} Qc4 33. Qe3 b5 34. a3 {White doesn't have to keep the a-pawn since the h-pawn is all that is needed to win a knight vs no-knight endgame.} c5 35. Ne4 $5 (35. Qe5+ Kh7 36. Re1 Qd3 37. Qe3 Qxe3 38. Rxe3 Rb6 39. Kg2 {and winning becomes a matter of (advanced) technique. Mamedyarov's way is a better human route.}) 35... f5 $2 {A miscalculation in time trouble.} ({Adams' last chance to fight back was} 35... b4 $1 {, when} 36. axb4 (36. a4 $5) 36... cxb4 {gives us a position that is very, very hard to win for White.} 37. Rc1 Qd5 $1 38. Qf3 b3 39. Rb1 Rb6 40. Rd1 Qc6 41. Rg1+ Kf8 42. Qd3 Rb8 43. Qd4 Re8 {and Black hangs on.}) 36. Rxg6+ Kxg6 37. Nxc5 Qd5+ ({Perhaps Adams missed that} 37... Qf1+ 38. Qg1+ {is check.}) 38. Kg1 Qd1+ 39. Kg2 Qd5+ 40. Kh3 {The rest is easy.} Qd1 41. Qe8+ Kf6 (41... Kg5 42. Ne6+ $1 Kf6 43. Qd8+ Qxd8 44. Nxd8 Ke5 45. Kg3 Ke4 46. Nf7 Ke3 47. Nxh6 f4+ 48. Kg2 $18) 42. Nd7+ Kg5 43. Qg8+ {and facing g3+/f6+, followed by d6+ and xd1, it was time to resign.} 1-0

[Event "87th Tata Steel Masters 2025"]
[Site "Wijk aan Zee"]
[Date "2025.02.01"]
[Round "12.2"]
[White "Suleymanli, Aydin"]
[Black "Svane, Frederik"]
[Result "1-0"]
[WhiteElo "2623"]
[BlackElo "2664"]
[Annotator "Chessbase - Stockfish 17"]
[PlyCount "167"]
[EventDate "2025.??.??"]
[EventCountry "NED"]

{[%evp 15,167,13,16,5,11,12,29,17,22,16,20,15,14,20,23,15,23,0,0,0,0,0,0,0,0,0,0,-13,0,-18,-15,7,6,0,0,0,19,12,12,6,29,16,22,27,27,27,52,51,60,58,76,62,86,76,64,35,35,29,33,39,50,43,83,82,87,87,111,104,104,104,133,83,94,86,162,160,165,165,220,158,164,167,261,155,162,160,145,156,163,160,180,174,174,162,166,156,145,88,219,143,149,-658,220,218,218,217,206,213,218,211,217,224,211,210,242,250,253,241,241,242,262,264,473,466,535,488,481,419,1143,1145,362,1058,1161,1174,1170,1096,764,952,1133,1054,1066,745,893,629,1685,4095,4681,4627,4133,3685,1503,1336,1048,975]} 1. d4 Nf6 2. c4 e6 3. Nc3 d5 4. cxd5 exd5 5. Bg5 Be7 6. e3 O-O 7. Bd3 h6 8. Bh4 c6 9. Nge2 {9.Bg3 is the modern continuation. D35: Queen's Gambit Declined: Exchange Variation.} Re8 10. O-O a5 11. Qc2 {White has an edge.} (11. f3 Nbd7 12. a4 Nf8 13. Kh1 Ne6 14. Bf2 Bf8 15. e4 dxe4 16. fxe4 c5 17. Bb5 Bd7 18. Bxd7 Qxd7 19. Bh4 Ng5 20. Bxg5 hxg5 21. Rxf6 gxf6 22. Nd5 Ra6 23. dxc5 Qg4 24. h3 Qxe4 25. Ng3 Qe5 {Suleymanli,A (2543)-Brunello,S (2519) Almaty KAZ 2022 1-0 (37)}) 11... Nbd7 (11... Na6 12. a3 Nc7 13. f3 Ne6 14. Bf2 b5 15. Ng3 Ba6 16. Nce2 c5 17. dxc5 Nxc5 18. Bf5 b4 19. axb4 axb4 20. Rfd1 Bc4 21. Nd4 b3 22. Qd2 Bf8 23. Rxa8 Qxa8 24. Bb1 g6 25. h4 h5 26. Nge2 {Maghsoodloo,P (2707)-Carlsen,M (2839) chess.com INT 2023 ½-½ (74)}) ({RR} 11... Na6 12. a3 Nc7 13. f3 Ne6 14. Bf2 b5 15. Ng3 Ba6 16. Nce2 c5 17. dxc5 Nxc5 18. Bf5 b4 19. axb4 axb4 20. Rfd1 Bc4 21. Nd4 b3 22. Qd2 Bf8 23. Rxa8 Qxa8 24. Bb1 g6 25. h4 h5 26. Nge2 {Maghsoodloo,P (2707)-Carlsen,M (2839) chess.com INT 2023 ½-½ (74)}) ({RR} 11... Na6 12. a3 Nc7 13. h3 Ne6 14. Bg3 Bf8 15. Rfe1 Ng5 16. Nf4 Nge4 17. Bh2 Bd6 18. Nxe4 Nxe4 19. f3 Nf6 20. g4 Qc7 21. Bf1 b6 22. Rac1 c5 23. Qd2 Bb7 24. h4 g5 25. hxg5 hxg5 26. Nh3 {Lazavik,D (2580)-Svane,F (2659) chess.com INT 2025 1-0 (51)}) 12. Bg3 $146 {[%cal Yc3b5]} (12. f3 b5 13. Bf2 (13. Rae1 Ba6 14. Bf2 Nb6 15. Ng3 b4 16. Bxa6 Rxa6 17. Nd1 Nbd7 18. e4 dxe4 19. fxe4 c5 20. e5 Nd5 21. Nf5 Bf8 22. Bh4 Qb6 23. Nd6 Bxd6 24. Qf5 N7f6 25. exf6 Rxe1 26. Rxe1 Qc6 {Bercaru,V (2065)-Sabuk,P (2375) Roquetas de Mar ESP 2025 1-0 (44)}) 13... Bb7 14. h3 Rc8 15. Bf5 g6 16. Bxg6 fxg6 17. Qxg6+ Kh8 18. e4 Nh7 19. e5 b4 20. Nd1 Ba6 21. Re1 Rg8 22. Qxh6 Bg5 23. Qd6 Qe8 24. e6 Qg6 25. Bg3 Ndf6 26. Nf2 Be3 {Gaal,Z (2341)-Hong,A (2572) Budapest HUN 2024 0-1 (47)}) (12. Rae1 b5 13. f3 (13. Nb1 Bb7 14. Nd2 Qb6 15. Rc1 a4 16. Bf5 b4 17. Bxd7 Nxd7 18. Bxe7 Rxe7 19. Nf4 Ra5 20. Nd3 Ba6 21. Rfd1 Bxd3 22. Qxd3 c5 23. dxc5 Rxc5 24. Nf3 Nf6 25. Rxc5 Qxc5 26. Qd4 Rc7 {Bulau,A (2154)-Cnejev,V (2268) Sebes ROU 2022 0-1 (94)}) 13... Nb6 14. Bf2 Bd7 15. h3 b4 16. Nb1 Rc8 17. e4 dxe4 18. fxe4 c5 19. Ba6 Rc7 20. d5 Bd6 21. Nd2 Qb8 22. b3 a4 23. Bh4 Nh7 24. Bd3 Nf8 25. Nc1 Ng6 26. Bf2 Qd8 {Hummel,P (2120)-Zwirs,N (2481) Hoogeveen NED 2022 0-1 (37)}) ({RR} 12. Rad1 b5 13. Bg3 Nb6 14. Nxb5 cxb5 15. Bc7 Qd7 16. Bxb6 Bd6 17. Rc1 Bb7 18. Bf5 Qe7 19. Bc5 Ne4 20. Bxd6 Qxd6 21. Qc7 Qxc7 22. Rxc7 Ba6 23. Nf4 Red8 24. Rfc1 Nd6 25. Bd3 Nc4 26. b3 Nb6 {Holt,C (2549)-Garv,G (2083) Chess.com INT 2021 1-0 (36)}) ({RR} 12. f3 b5 13. Bf2 Ba6 14. a4 b4 15. Nb1 Bxd3 16. Qxd3 c5 17. b3 Rc8 18. Nd2 Nb6 19. dxc5 Bxc5 20. Rac1 Qe7 21. Nd4 Nfd7 22. Qb5 Bxd4 23. exd4 Qe2 24. Rxc8 Nxc8 25. Qxd7 Rf8 26. Nb1 Qc2 {Badacsonyi,S (2294)-Vaidyanathan,S (1849) Peterborough ENG 2026 1-0 (32)}) 12... Bf8 13. h3 b5 14. Rac1 Ba6 15. Rfd1 Qb6 16. e4 $146 (16. Bf4 b4 17. Na4 Bxd3 18. Qxd3 Qb7 19. Rc2 Rac8 20. Rdc1 Ne4 21. Bh2 g6 22. Qd1 {1-0 Nikolaou,S (2180)-Malataras,G (1976) Aegean op 46th 2023 (5)}) 16... b4 {aiming for ...Bxd3.} 17. Na4 {[%csl Yb6,Yc6]} Bxd3 $1 18. Rxd3 Qb5 19. e5 Ne4 20. Qd1 Rac8 21. b3 Qb7 22. Bf4 c5 23. f3 Ng5 $6 {Inaccuracy. c4 was best.} (23... c4) 24. dxc5 Nxc5 25. Rxd5 Nge6 26. Nxc5 Bxc5+ 27. Kh1 Qa8 28. Rc2 a4 29. Bg3 axb3 30. axb3 Qa3 31. Qb1 Qa8 32. Rd1 Rcd8 33. Nf4 Rxd1+ 34. Qxd1 Rd8 35. Qb1 {And now Nxe6 would win.} Nxf4 36. Bxf4 (36. Rxc5 {is more complex.} Nxh3 37. e6 fxe6 38. Rc7) 36... Bd4 37. Ra2 Qc8 38. Rd2 Bc3 $6 {Inaccuracy. Bb6 was best.} (38... Bb6) 39. Rd6 Re8 40. Qd3 Qa8 41. Kh2 {White is more active.} Qa5 42. Rd5 Qa1 $6 {Inaccuracy. Qb6 was best.} (42... Qb6) 43. Qc4 $6 {Inaccuracy. Bg3 was best.} (43. Bg3) 43... Qb1 $16 44. Rd3 Qc2 $2 {Mistake. Be1 was best. [#]} (44... Be1 45. Be3) 45. Bg3 $1 $18 {[%cal Yf4g3,Yg3h4,Yh4f2,Yf2c5][%mdl 32]} Qb1 46. f4 Ra8 (46... Bb2 47. Bf2 Bc3) 47. Bh4 Re8 48. Bf2 Ra8 (48... Rf8 49. Be3 Ra8) 49. Qd5 $6 {Inaccuracy. e6 was best.} (49. Qe4 $18 Re8 50. Qc6) (49. e6 fxe6 50. Qxe6+ Kh8 51. Qe4 Rg8 52. Bd4 Qc1 53. Qe5 Bxd4 54. Qxd4 Rf8) 49... Re8 $16 50. Bc5 Qc1 51. Be3 Qb1 52. Qc4 Ra8 $6 {Inaccuracy. Be1 was best.} (52... Be1) 53. e6 fxe6 54. Qxe6+ Kh8 55. Qd5 Rf8 56. Qd6 (56. Qc4) 56... Kg8 $6 {Inaccuracy. Rf6 was best.} (56... Rf6 57. Qd5 Kh7) 57. Qe6+ $6 {Inaccuracy. Bc5 was best.} (57. Bc5 Re8 58. Qg6 Qe1 59. Bd4 Bxd4 60. Rxd4 Qe6 61. Qxe6+ Rxe6 62. Rxb4 Re3) 57... Kh8 {[#]} 58. Bd4 $4 {[%mdl 8192] Blunder. Qc4 was best.} (58. Qc4 Qe1 59. Bd4 Qc1 60. Bxc3 bxc3 61. Rxc3 Qxf4+ 62. Qxf4 Rxf4 63. Kg1 Kh7) 58... Kh7 $4 {[%mdl 8192] Blunder. Qxd3 was best.} (58... Qxd3 59. Qxh6+ Qh7 60. Qd6 Rg8 61. Bb6 Qf5 62. Bc7 Rf8 63. Qe7 Qf7 64. Qc5) 59. Qe7 $18 {[%csl Gd4][%cal Re7g7]} Rg8 60. Qe4+ Kh8 {[#]} 61. Qd5 $1 $40 {[%mdl 128] Black is in trouble.} Qb2 (61... Qc1 62. Qd6) 62. Qc4 Bxd4 63. Qxd4 {[%mdl 4096] Endgame KQR-KQR. White is a pawn up.} Qe2 64. Re3 {Dodges Re8} Qf2 65. Re4 $1 Qxd4 66. Rxd4 {KR-KR. White is a pawn up.} Rb8 67. f5 Rb5 68. g4 h5 $2 (68... Kg8 69. h4 h5) 69. Kg3 (69. gxh5 Rxf5 70. Rxb4 Rxh5 $14) 69... hxg4 70. hxg4 Kg8 71. Kf4 g6 (71... Rb8 72. Rd6 Kf8) 72. fxg6 Kg7 73. Ke3 (73. Rd6 Rb8 74. Ke4 Re8+ 75. Kd4 Rc8 $16) 73... Kxg6 {White is clearly winning.} 74. Kd3 Kg5 75. Kc4 Rb8 76. Kc5 Kf6 77. Rxb4 Rc8+ 78. Kd4 Rd8+ 79. Ke3 Rh8 80. Kf4 Rh3 81. Rb6+ Kf7 82. b4 Rc3 83. g5 Rc1 84. Ke5 {Weighted Error Value: White=0.22 (precise) /Black=0.22 (precise) Loses game: 	White=1 	--- Missed win: 	--- 	Black=1 Mistake: 	White=3 	Black=6 Inaccurate: 	White=2 	Black=1 OK: 	White=30 	Black=25 Best: 	White=6 	Black=4 Strong: 	White=2 	Black=1 Precisão Stockfish 17: Brancas 89% Pretas 84% Precisão Chess.com: Brancas 91.4% Pretas 88.03%} 1-0